La historia de los Mundiales : Maradona 10 /
Colección sobre la historia de la Copa Mundial de Futbol, de la que han sido identificados al menos diez volúmenes: tres giran en torno a las ediciones del Mundial celebradas en México en 1970 y 1986 y en Alemania en 2006; dos más están dedicados a los mejores goles y los jugadores más relevantes en...
Guardado en:
| Formato: | |
|---|---|
| Idioma: | Español |
| Colección: | (Historia de los Mundiales Zima Entertainment)
|
| Temas: | |
| Etiquetas: |
Sin etiquetas, Sé el primero en etiquetar este registro!
|
MARC
| LEADER | 00000ngm^a2200000^a^4500 | ||
|---|---|---|---|
| 001 | 000304164 | ||
| 005 | 20250521000000.0 | ||
| 009 | 20260310112710.285 | ||
| 037 | |a Acervo ITESO - Biblioteca | ||
| 041 | |a ESP | ||
| 082 | |a 796. 334668 |b ZIM V. 7 | ||
| 240 | 1 | 4 | |a [La historia de los Mundiales: Zima Entertainment] |
| 245 | 0 | 3 | |a La historia de los Mundiales : |b Maradona 10 / |
| 264 | |a lugar de publicación no identificado : |b JR International, |c fecha no identificada | ||
| 264 | |a México : |b Zima Entertainment [distribución], |c copyright fecha no identificada | ||
| 264 | |a lugar de publicación no identificado : |b JR International, |c fecha no identificada | ||
| 264 | |a México : |b Zima Entertainment [distribución], |c copyright fecha no identificada | ||
| 300 | |a 1 DVD regiones 1 y 4 |c (42 min.) | ||
| 336 | |a imagen móvil bidimensional |b tdi |2 rdacontenido | ||
| 337 | |a video |b v |2 rdamedio | ||
| 338 | |a videodisco |b vd |2 rdasoporte | ||
| 440 | 1 | |a (Historia de los Mundiales Zima Entertainment) | |
| 520 | |a Colección sobre la historia de la Copa Mundial de Futbol, de la que han sido identificados al menos diez volúmenes: tres giran en torno a las ediciones del Mundial celebradas en México en 1970 y 1986 y en Alemania en 2006; dos más están dedicados a los mejores goles y los jugadores más relevantes en la historia del torneo; el brasileño Pelé y el argentino Diego Armando Maradona, considerado uno y otro por sus respectivos seguidores y también por diferentes expertos como el mejor futbolista de la historia, son los protagonistas de dos entregas más; las participaciones de México en la Copa una compilación de momentos chuscos y jugadas insólitas y una historia del futbol cierran los diez tomos. La colección está formada por reportajes documentales con duraciones muy variadas, que van desde los 42 hasta los 110 minutos, destinados seguramente para la transmisión por televisión y la distribución en formatos domésticos. | ||
| 520 | |a La presente entrega está dedicada a Diego Armando Maradona, futbolista argentino que desarrolló su carrera como jugador durante los años 1976-1997. El reportaje está centrado en tres de sus cuatro participaciones con la selección de Argentina en la Copa Mundial: el decepcionante torneo de España 1982, al que Argentina acudía como campeón defensor; el momento culmen de México 1986, cuando anotó los dos goles más vistos de la historia del futbol en el encuentro de cuartos de final frente a Inglaterra y guió a su equipo a la conquista del título, y la dispareja actuación que llevó a los argentinos hasta la final de Italia 1990, ganada por Alemania vía un tiro penalti, después de una polémica decisión arbitral. | ||
| 520 | |a Suplementos y características especiales: 1) Galería animada con diez imágenes del reportaje documental (49 seg.). | ||
| 649 | |a XX | ||
| 650 | |a Deportistas Profesionales Argentinos - |x Biografías | ||
| 650 | |a Futbol - |z Argentina - |x Historia - |y 1976-1983 | ||
| 650 | |a Futbol - |z Argentina - |x Historia - |y 1983-1989 | ||
| 650 | |a Futbol - |z Argentina - |x Historia - |y Siglo XX | ||
| 650 | |a Mundial de Futbol - |x Historia - |x Tema Principal | ||
| 650 | |a Futbol - |x Competencias - |x Historia | ||
| 650 | |a Futbol - |x Historia - |y Siglo XX | ||
| 650 | |a Futbol - |x Aspectos Sociales y Culturales | ||
| 650 | |a Deportes - |z Argentina - |x Historia - |y 1976-1983 | ||
| 650 | |a Deportes - |z Argentina - |x Historia - |y 1983-1989 | ||
| 650 | |a Deportes - |z Argentina - |x Historia - |y Siglo XX | ||
| 650 | |a Campeonatos Deportivos - |x Historia | ||
| 650 | |a Deportes - |x Historia - |y Siglo XX | ||
| 650 | |a Deportes - |x Aspectos Sociales y Culturales | ||
| 650 | |a Prácticas Culturales | ||
| 650 | |a Sociología de la Cultura | ||
| 650 | |a Maradona, Diego Armando - |x Tema Principal | ||
| 910 | |a Fondo General | ||
| 920 | |a Audiovisuales - DVDs | ||
| 905 | |a 302 | ||
| 901 | |a 0500198670 |b IT2 |c DVS |i C124381 |u 20250521 | ||
| 902 | |a https://opac.biblio.iteso.mx/vufind/Record/000304164 | ||